| 000 | 00519cam a2200217ua 4500 | ||
|---|---|---|---|
| 001 | 8390 | ||
| 005 | 20260515114329.0 | ||
| 008 | 150129n ii |||gr||||Z||||||asm | ||
| 020 | _a9789381485439 | ||
| 040 | _cMAIN | ||
| 041 | _aasm | ||
| 082 | _a891.4513N | ||
| 100 |
_aBarua, P., _eAuthor. |
||
| 245 | 1 |
_aaditir desh _cBy Purabi Barua |
|
| 250 | _a1st. | ||
| 260 |
_aGuwahati: _bJyoti, _c2012. |
||
| 300 | _a421p. | ||
| 653 | _aEast Indo-European & Celtic literatures | ||
| 653 | _aAssamese novels | ||
| 942 | _cBK | ||
| 999 |
_c7493 _d7493 |
||